MARC

LEADER 00000nam0a2200000 4500
001 275533
005 20231101234831.0
020 |a RU  |b 85-101245 
035 |a (RuTPU)RU\TPU\book\298776 
090 |a 275533 
100 |a 20141114d1985 km y0rusy5003 ca 
101 0 |a rus 
102 |a RU 
105 |a a z 001zy 
200 1 |a Диагностика окружающей среды радиоаналитическимии методами  |f Ю. Тельдеши, Ю. В. Яковлев, Г. Н. Билимович 
210 |a Москва  |c Энергоатомиздат  |d 1985 
215 |a 193 с.  |c ил.  |d 20 см 
320 |a Библиогр.: с. 182-191 
606 1 |a Окружающая среда  |x Контроль загрязнения  |2 stltpush  |3 (RuTPU)RU\TPU\subj\38915  |9 59160 
610 1 |a воздух 
610 1 |a вода 
610 1 |a почва 
610 1 |a биологические материалы 
610 1 |a загрязненность 
610 1 |a оценка 
610 1 |a образцы 
610 1 |a отбор 
610 1 |a предварительная подготовка 
610 1 |a анализ 
610 1 |a радиоиндикаторные методы 
610 1 |a активационный анализ 
675 |a 504.064  |z rus  |v 3 
700 1 |a Тельдеши  |b Ю.  |g Юрий  |4 070 
701 1 |a Яковлев  |b Ю. В.  |g Юрий Всеволодович 
701 1 |a Билимович  |b Г. Н.  |g Галина Николаевна 
801 0 |a RU  |b RuMRKP  |c 19950704  |g psbo 
801 1 |a RU  |b 63413507  |c 20141114 
801 2 |a RU  |b 63413507  |c 20170126  |g RCR 
942 |c BK